| 000 | 00392nam a2200157Ia 4500 | ||
|---|---|---|---|
| 008 | 230917s9999||||xx |||||||||||||| ||und|| | ||
| 020 | _cRS395 | ||
| 040 |
_e7034 _aMAIN |
||
| 041 | _aEnglish | ||
| 082 | _a320.50954 P274N | ||
| 100 | _aPatil, V T, ed. | ||
| 245 | 0 | _aNew dimensions and perspectives in Gandhism | |
| 260 |
_aNew Delhi _bInter-India _c1988 |
||
| 300 | _a536 p. | ||
| 942 | _cBK | ||
| 999 |
_c64308 _d64308 |
||